000 00823cab a2200241 4500
001 WB3337-14
008 090401t1997 xxu||||| |||| 00| 0 eng d
035 _a(Sirsi) u81088
041 _aeng
245 _aRetail construction increases
260 _c1997
350 _a0
490 _aRetail Week
_v19 September 1997, 22(1)
520 _aTrends in retail construction include supermarkets in rural areas, DIY centres and Marks & Spencer`s plans to refurbish 19 stores recently purchased from Littlewoods. Table shows retail`s share of total development.
650 _aCONSTRUCTION MARKET
650 _aDIY STORES
650 _aREFURBISHMENT MARKET
650 _aRETAIL DEVELOPMENT
650 _aSUPERMARKETS
690 _aPROPERTY-COMMERCIAL PROPERTY-RETAIL PROPERTY
942 _n0
948 _c25/09/1997
999 _c51091
_d51091